Szczegóły MARC21

Dostrzeganie zagrożeń drogą do zmiany /

003 -Nazwa inst., której nr kontr. jest w polu 001 [,]
    • @
    • Nazwa instytucji, której n kontrolny jest w polu 001
    • NUKAT
005 -DATA I CZAS OSTATNIEJ MODYFIKACJI [,]
    • @
    • pole kontrolne
    • 20241231090324.0
020 -Międzynarod. znormalizowany nr książki - ISBN [ , ]
    • a
    • Numer ISBN
    • 9788382700428 Find
040 -Instytucja sporządzająca opis [ , ]
    • a
    • Instytucja, która sporządziła opis (NP)
    • WA 510/EZ
    • b
    • Język katalogowania
    • pol
    • e
    • Zasady katalogowania
    • rda
    • c
    • Instytucja, która sporządziła rekord (NP)
    • WA 510/EZ
    • d
    • Instytucja, która zmodyfikowała rekord (P)
    • WA 510/EZ
    • d
    • Instytucja, która zmodyfikowała rekord (P)
    • KAT U/24MGs
    • d
    • Instytucja, która zmodyfikowała rekord (P)
    • WA U/BAJ
    • d
    • Instytucja, która zmodyfikowała rekord (P)
    • WA 14/ABs
942 -Rodzaj dokumentu [ , ]
    • c
    • Rodzaj dokumentu
    • Książka
245 -Strefa tytułu i oznaczenia odpowiedzialności [0,0]
    • a
    • Tytuł
    • Dostrzeganie zagrożeń drogą do zmiany / Find
    • c
    • Pozostałe elementy strefy tytułu i oznaczenia odpowiedzialności (NP)
    • redakcja naukowa Katarzyna Popiołek.
250 -Strefa wydania [ , ]
    • a
    • Oznaczenie wydania (NP)
    • Wydanie pierwsze.
260 -Strefa adresu wydawniczego [ , ]
    • a
    • Miejsce wydania (P)
    • Warszawa :
    • b
    • Nazwa wydawcy (P)
    • Difin,
    • c
    • Data wydania (P)
    • 2021.
300 -Strefa opisu fizycznego [ , ]
    • a
    • Określenie formy książki i/lub objętość (NP)
    • 217 stron :
    • b
    • Oznaczenie ilustracji (NP)
    • ilustracje ;
    • c
    • Format (NP)
    • 24 cm.
336 -Typ zawartości [ , ]
    • a
    • Termin opisujący typ zawartości
    • Tekst
    • b
    • Kod określający zawartość
    • txt
    • 2
    • Źródło (terminu i kodu)
    • rdacontent
337 -Typ mediów [ , ]
    • a
    • Tryb odtwarzania
    • Bez urządzenia pośredniczącego
    • b
    • Kod typu mediów
    • n
    • 2
    • Źródło (terminu i kodu)
    • rdamedia
338 -Typ/rodzaj nośnika [ , ]
    • a
    • Hasło opisujące typ nośnika
    • Wolumin
    • b
    • Kod typu nośnika
    • nc
    • 2
    • Źródło (terminu i kodu)
    • rdacarrier
380 -Deskryptor - Forma dzieła (P) [ , ]
    • a
    • forma dzieła (NP)
    • Książki
380 -Deskryptor - Forma dzieła (P) [ , ]
    • a
    • forma dzieła (NP)
    • Publikacje naukowe
388 -Deskryptor - czas powstania dzieła (P) [1, ]
    • a
    • Czas powstania dzieła (NP)
    • 2001-
490 -Strefa serii i książki wielotomowej - forma nie do wyszukiwania [1, ]
    • a
    • Tytuł (P)
    • Engram Find
830 -Hasło dodatkowe serii i opisu książki wielotomowej - tytuł ujednolicony/tytuł [ ,0]
    • a
    • Tytuł ujednolicony/tytuł (NP)
    • Engram
    • 9
    • KHW
    • 12930
504 -Uwaga dot. bibliogr. załącznikowej [ , ]
    • a
    • Uwaga dot. bibliografii załącznikowej
    • Bibliografia przy rozdziałach.
536 -Uwaga dot. finansowania książki [ , ]
    • a
    • Tekst uwagi
    • Publikacja dofinansowana przez SWPS Uniwersytet Humanistycznospołeczny.
650 -Hasło przedmiotowe [ ,7]
    • a
    • Hasło przedmiotowe
    • Samotność
    • x
    • Określnik rzeczowy
    • aspekt psychologiczny.
    • 2
    • Źródło terminu
    • kaba
    • 9
    • KHW
    • 362878
650 -Hasło przedmiotowe [ ,7]
    • a
    • Hasło przedmiotowe
    • Psycholodzy
    • x
    • Określnik rzeczowy
    • kształcenie.
    • 2
    • Źródło terminu
    • kaba
    • 9
    • KHW
    • 575285
650 -Hasło przedmiotowe [ ,7]
    • a
    • Hasło przedmiotowe
    • Uwięzienie
    • x
    • Określnik rzeczowy
    • aspekt społeczny.
    • 2
    • Źródło terminu
    • kaba
    • 9
    • KHW
    • 377443
650 -Hasło przedmiotowe [ ,7]
    • a
    • Hasło przedmiotowe
    • Praca i rodzina
    • x
    • Określnik rzeczowy
    • wpływ.
    • 2
    • Źródło terminu
    • kaba
    • 9
    • KHW
    • 434465
650 -Hasło przedmiotowe [ ,7]
    • a
    • Hasło przedmiotowe
    • Mniejszości seksualne
    • x
    • Określnik rzeczowy
    • psychologia.
    • 2
    • Źródło terminu
    • kaba
    • 9
    • KHW
    • 389175
650 -Hasło przedmiotowe [ ,7]
    • a
    • Hasło przedmiotowe
    • Uzależnienie od Internetu.
    • 2
    • Źródło terminu
    • kaba
    • 9
    • KHW
    • 173520
650 -Hasło przedmiotowe [ ,7]
    • a
    • Hasło przedmiotowe
    • Kryzys psychiczny
    • 2
    • Źródło terminu
    • DBN
    • 9
    • KHW
    • 722024
650 -Hasło przedmiotowe [ ,7]
    • a
    • Hasło przedmiotowe
    • Samotność
    • 2
    • Źródło terminu
    • DBN
    • 9
    • KHW
    • 727988
650 -Hasło przedmiotowe [ ,7]
    • a
    • Hasło przedmiotowe
    • Stres
    • 2
    • Źródło terminu
    • DBN
    • 9
    • KHW
    • 741996
650 -Hasło przedmiotowe [ ,7]
    • a
    • Hasło przedmiotowe
    • Trauma
    • 2
    • Źródło terminu
    • DBN
    • 9
    • KHW
    • 721982
650 -Hasło przedmiotowe [ ,7]
    • a
    • Hasło przedmiotowe
    • Psychologia
    • 2
    • Źródło terminu
    • DBN
    • 9
    • KHW
    • 721705
655 -Hasło w funkcji tematu formalnego [ ,7]
    • a
    • Hasło
    • Praca zbiorowa
    • 2
    • Źródło terminu
    • DBN
    • 9
    • KHW
    • 721444
700 -Hasło dodatkowe - nazwa osobowa [1, ]
    • a
    • Nazwa osobowa (NP)
    • Popiołek, Katarzyna. Find
    • e
    • Określenie rodzaju współpracy
    • Redakcja
    • 9
    • KHW
    • 20399
710 -Hasło dodatkowe - nazwa ciała zbiorowego [2, ]
    • a
    • Nazwa ciała zbiorowego lub nazwa geograficzna jako pierwszy element (NP)
    • Difin.
    • e
    • Rodzaj współpracy
    • Wydawca
    • 4
    • Kod relacji
    • pbl
    • 9
    • KHW
    • 52248
920 -ISBN [ , ]
    • a
    • ISBN
    • 978-83-8270-042-8 Find
Lokalizacja Data inwentaryzacji Status udost. Numer inwentarzowy
BNS2022-02-22-3HM.955
BNS2022-02-221H.36287